000 00283nam a22001337a 4500
008 180301b xxu||||| |||| 00| 0 eng d
020 _a0471815705
041 _aeng
080 _a574
100 _a9
101 _aMJE
245 _aSoil Organic Matter
_cTate,R.L
942 _2udc
_cBK
999 _c43865
_d43865